000 01019nam a22002177a 4500
999 _c75693
_d75693
005 20210325214056.0
008 s2557 th tha d
020 _a9786167176253
040 _aNALT
041 _atha
050 _aHV 580.T5
_bส226ส 2557
110 2 _919793
_aสภากาชาดไทย
245 1 0 _aสมุดภาพสภากาชาดไทย ภาค 1 :
_bคณะกรรมการและงานกาชาดยุคแรก /
_cสุปรีดิ์ ณ นคร, บรรณาธิการ.
260 _aกรุงเทพฯ :
_bต้นฉบับ,
_c2557.
300 _a207 หน้า :
_bภาพประกอบ ;
_c30 ซม.
610 2 0 _aสภากาชาดไทย
_xประวัติ
_922607
700 0 _922606
_aสุปรีดิ์ ณ นคร
850 _aNALT
942 _cGB
_01
_2lcc
998 _j104
_k สายฝน ดีงาม